Religion Quiz

Random Religion or Bible Quiz

Bible Decisions: Genesis Quiz Stats

 Plays Quiz Updated Dec 31, 2017

Challenge
Share
Tweet
Embed
Score 0/9 Timer 05:00
5 Plays Today
Question Answer Wrong Answers
Eve offered Adam fruit from the forbidden tree in the Garden of Eden. Adam: ???
95.1%
???
1.7%
???
2.3%
???
0.9%
Noah sent out a raven and then a dove to see if the waters had subsided enough for them to leave the ark. The second time, when the dove did not return, Noah left the ark and: ???
77.2%
???
2.7%
???
12.8%
???
5.9%
Esau's aging father Isaac was about to bestow the official blessing on him. Rebekah urged Jacob to deceive her husband and gain the blessing for himself. Jacob: ???
76.3%
???
7.1%
???
6.4%
???
3%
Abram offered his nephew Lot first pick of where to settle upon their return from Egypt in order to keep peace between their herdsmen. Lot: ???
65%
???
8.7%
???
8.4%
???
15.2%
Joseph became a faithful servant to Potiphar, the captain of the guard. Potiphar's wife tried to tempt Joseph, but when he fled her advances, she accused him of trying to take advantage of her. Potiphar: ???
64.4%
???
10.2%
???
10.2%
???
5.3%
Joseph was promoted to overseer of the famine relief effort in Egypt. His brothers arrived from Canaan to buy grain, but they didn't recognize him. After testing their character, Joseph ultimately: ???
60.9%
???
13.2%
???
5.2%
???
8.4%
After fleeing the destruction of Sodom and Gomorrah, the daughters of Lot: ???
58.9%
???
10.3%
???
11.5%
???
13.4%
Some of Joseph's jealous brothers conspired to kill him, and Reuben intended to rescue him. Judah: ???
58.6%
???
12%
???
11.5%
???
9.9%
When a refugee informed Abram that Lot had been captured in a war between the kings of the region, Abram: ???
41.6%
???
37.7%
???
10%
???
6.4%

You're not logged in!

Compare scores with friends on all Sporcle quizzes.
Join for Free
OR
Log In

You Might Also Like...

Show Comments

Extras

Top Quizzes Today


Score Distribution

Your Account Isn't Verified!

In order to create a playlist on Sporcle, you need to verify the email address you used during registration. Go to your Sporcle Settings to finish the process.

Report this User

Report this user for behavior that violates our Community Guidelines.

Details: